Catálogo

LA ODISEA (Registro nro. 29001)

Detalles MARC
000 -LEADER
fixed length control field 00396nam a2200169 a 4500
001 - CONTROL NUMBER
control field 29001
005 - DATE AND TIME OF LATEST TRANSACTION
control field 20180713231958.0
008 - FIXED-LENGTH DATA ELEMENTS--GENERAL INFORMATION
fixed length control field 140415s1980 mx 000 0 ger d
041 ## - LANGUAGE CODE
Language code of text/sound track or separate title ger
082 ## - DEWEY DECIMAL CLASSIFICATION NUMBER
Classification number 883
Item number HOM
100 1# - MAIN ENTRY--PERSONAL NAME
Personal name HOMERO
245 13 - TITLE STATEMENT
Title LA ODISEA
250 ## - EDITION STATEMENT
Edition statement 1a ed.
260 ## - PUBLICATION, DISTRIBUTION, ETC.
Place of publication, distribution, etc. MEXICO :
Name of publisher, distributor, etc. DESCONOCIDA,
Date of publication, distribution, etc. 1980
300 ## - PHYSICAL DESCRIPTION
Extent 109
Dimensions 6 x 2 x 9
650 14 - SUBJECT ADDED ENTRY--TOPICAL TERM
Topical term or geographic name entry element LITERATURA
Existencias
Withdrawn status Lost status Source of classification or shelving scheme Damaged status Not for loan Collection code Home library Current library Shelving location Date acquired Source of acquisition Total Checkouts Full call number Barcode Date last seen Price effective from Koha item type
    Dewey Decimal Classification     General Tehuacán Tehuacán Sala general 03/12/2013 Compra   883 HOM 502821 08/01/2025 03/12/2013 Libro